000 00492nam a2200193Ia 4500
003 GCL
008 140319s9999 xx 000 0 eng d
040 _aGCL /
_cGCL
082 0 4 _a296.946
_bW A
100 1 _aWATT, W. MONTGOMERY
245 1 0 _aA HISTORY OF ISLAMIC SPAIN /
_cWATT, W. MONTGOMERY
700 1 _aCACHIA, PIERRE
260 _a[S.N] :
_bEDINBURGH UNIVERSITY PRESS ،
_c1992
300 _a210 P
650 0 4 _aSPAIN
650 0 4 _aISLAM
650 0 4 _aHISTORY
942 _2ddc
_cBK
999 _c24509
_d24509